| 000 | 00469nam a22001697a 4500 | ||
|---|---|---|---|
| 005 | 20251127124219.0 | ||
| 008 | 251124b |||||||| |||| 00| 0 eng d | ||
| 020 | _a978-93-91208-23-3 | ||
| 041 | _aeng | ||
| 082 | _a615 SAX-L | ||
| 100 |
_aSAXENA, MS CHARU AND WADHWAN, MS SWATI _98782 |
||
| 245 | _aLAB MANUAL FOR B. PHARMACY FIRST YEAR | ||
| 260 |
_aNEW DELHI _bINNOVATIVE PUBLICATION PVT LTD |
||
| 300 | _a119;P | ||
| 650 |
_aPHARMACY _xB.PHARMA |
||
| 942 | _cBK | ||
| 999 |
_c8959 _d8957 |
||